| 000 | 00658cab a2200253 4500 | ||
|---|---|---|---|
| 001 | WB3001-54 | ||
| 008 | 090401t1993 xxu||||| |||| 00| 0 eng d | ||
| 035 | _a(Sirsi) u42185 | ||
| 041 | _aeng | ||
| 245 | _aUK map for European funds | ||
| 260 | _c1993 | ||
| 350 | _a0 | ||
| 490 |
_aDTI Press Notice _v(P/93/761) 21 December 1993, (5) |
||
| 520 | _aLists UK areas eligible for Objective 2 EC funding. | ||
| 650 | _aEC FUNDING | ||
| 650 | _aINDUSTRIAL DECLINE | ||
| 650 | _aOBJECTIVE 2 | ||
| 650 | _aSTRUCTURAL FUNDS | ||
| 650 | _aURBAN DECAY | ||
| 650 | _aURBAN REGENERATION | ||
| 690 | _aURBAN RENEWAL | ||
| 942 | _n0 | ||
| 948 | _c04/03/1997 | ||
| 999 |
_c27100 _d27100 |
||